[Event "CZE-ch 2020"]
[Site "Pilsen"]
[Date "2020.08.23"]
[Round "1.1"]
[White "Navara, David"]
[Black "Toman, Ondrej"]
[Result "1-0"]
[WhiteElo "2719"]
[BlackElo "2233"]
[Annotator "TA"]
[PlyCount "69"]
[EventDate "2020.08.23"]
[EventType "swiss"]
[EventCountry "CZE"]
[SourceTitle "playchess.com"]
[Source "ChessBase"]
[SourceQuality "1"]

{[%evp 9,69,16,17,12,20,23,22,17,19,17,3,5,36,25,55,41,78,64,58,70,106,107,141,149,148,118,119,124,147,133,223,211,236,229,360,305,345,269,420,374,416,403,413,385,396,386,377,389,495,485,923,889,29988,29989,29989,29990,29992,29992,29992,29993,29996,29997]} 1. e4 c6 2. d4 d5 3. e5 c5 4. dxc5 e6 5. a3 Bxc5 6. Qg4 {B12: Caro-Kann: Advance Variation.} Ne7 7. Nf3 {Threatens to win with b4.} Ng6 8. Bd3 {The position is equal.} Nc6 9. b4 Bb6 10. Bb2 a5 11. b5 $36 {[%mdl 2048] White fights for an advantage.} Nce7 {[#]} 12. O-O $146 ({Predecessor:} 12. h4 h5 13. Qg5 Bd7 14. a4 Qb8 15. O-O Bd8 16. Qd2 Nf5 17. g3 O-O 18. c4 {0-1 (70) Sammed Jaykumar,S (2382)-Lei,T (2545) Hanoi 2018}) 12... O-O 13. h4 {h5 is the strong threat.} Nf5 {[%cal Rf5h4]} 14. h5 $1 {[%cal Rh5g6]} Nge7 15. a4 Bd7 16. Nbd2 Rc8 17. Rac1 Nh6 18. Qf4 Bc7 19. c4 f5 (19... f6 $16 {might work better.}) 20. Ba3 $18 Kh8 21. Rfe1 Nhg8 (21... Ng4 $142 22. Nb3 dxc4 23. Bxc4 (23. Rxc4 Bb6 $14) 23... Bb6) 22. Qh4 h6 23. cxd5 exd5 (23... Nxd5 {was worth a try.} 24. Bxf8 Qxf8) 24. e6 Be8 25. b6 Bxb6 26. Rxc8 {[%mdl 64] Overworked Piece} Qxc8 27. Bxe7 Nxe7 28. Qxe7 Bxh5 29. Ne5 Re8 (29... Bc5 $142 30. Qh4 Be8) 30. Qh4 Qc5 31. Qxh5 {[%mdl 64] Double Attack. White mates.} Qxf2+ {[#]} 32. Kh2 $1 Rc8 {[#]} 33. e7 $1 {[%mdl 512]} Qf4+ 34. Kh1 Qxd2 35. e8=Q+ {Black did not feel at home in the position after the opening. Accuracy: White = 93%, Black = 42%.} 1-0

[Event "CZE-ch 2020"]
[Site "Pilsen"]
[Date "2020.08.23"]
[Round "1.1"]
[White "Navara, David"]
[Black "Toman, Ondrej"]
[Result "*"]
[WhiteElo "2719"]
[BlackElo "2233"]
[Annotator "TA"]
[PlyCount "29"]
[EventDate "2020.08.23"]
[EventType "swiss"]
[EventCountry "CZE"]
[SourceTitle "playchess.com"]
[Source "ChessBase"]
[SourceQuality "1"]

{[%evp 9,16,0,0,1,10,-63,0,11,0]} 1. e4 c6 2. d4 d5 3. e5 c5 4. dxc5 e6 5. a3 Bxc5 6. Qg4 {B12: Caro-Kann: Advance Variation.} Ne7 7. Nf3 (7. Bd3 $11) 7... Ng6 ({Black should try} 7... Qb6 $1 $15 8. Qxg7 Rg8 9. Qxh7 Bxf2+ 10. Kd1 Nbc6) 8. Bd3 $11 Nc6 {[#] Not much happened in this game.} {Predecessor:} 9. Nc3 $146 h5 10. Qg3 h4 11. Qg4 Ncxe5 12. Nxe5 Nxe5 13. Qxg7 Nxd3+ 14. cxd3 Rh5 15. d4 {½-½ (23) Chigaev,M (2637)-Riazantsev,A (2653) Sochi 2019} *

[Event "CZE-ch 2020"]
[Site "Pilsen"]
[Date "2020.08.23"]
[Round "1.2"]
[White "Kawulok, Marek"]
[Black "Laznicka, Viktor"]
[Result "*"]
[WhiteElo "2226"]
[BlackElo "2638"]
[Annotator "TA"]
[PlyCount "28"]
[EventDate "2020.08.23"]
[EventType "swiss"]
[EventCountry "CZE"]
[SourceTitle "playchess.com"]
[Source "ChessBase"]
[SourceQuality "1"]

{[%evp 9,14,13,10,10,22,5,23]} 1. e4 c5 2. Nf3 e6 3. g3 d5 4. exd5 exd5 5. d4 Nc6 {The position is equal.} 6. Bg2 {B40: Sicilian: 2...e6, Unusual lines.} Bg4 7. h3 Bxf3 {[#] An uneventful encounter.} {Predecessor:} 8. Qxf3 $146 Qe7+ 9. Kf1 cxd4 10. Qxd5 Nf6 11. Qb5 Qd7 12. Bg5 Be7 13. Nd2 O-O 14. Bxf6 Bxf6 {½-½ (38) Nguyen,N (2634)-Perunovic,M (2622) Berlin 2015} *

[Event "CZE-ch 2020"]
[Site "Pilsen"]
[Date "2020.08.23"]
[Round "1.2"]
[White "Kawulok, Marek"]
[Black "Laznicka, Viktor"]
[Result "1/2-1/2"]
[WhiteElo "2226"]
[BlackElo "2638"]
[Annotator "ChessBase"]
[PlyCount "61"]
[EventDate "2020.08.23"]
[EventType "swiss"]
[EventCountry "CZE"]
[SourceTitle "playchess.com"]
[Source "ChessBase"]
[SourceQuality "1"]
[TimeControl "40/5400+30:1800+30"]

1. e4 {[%emt 0:00:00]} c5 {[%emt 0:00:00]} 2. Nf3 {[%emt 0:00:00]} e6 {[%emt 0:00:11]} 3. g3 {[%emt 0:00:01]} d5 {[%emt 0:01:46]} 4. exd5 {[%emt 0:00:21]} exd5 {[%emt 0:00:05]} 5. d4 {[%emt 0:00:04]} Nc6 {[%emt 0:00:22]} 6. Bg2 {[%emt 0:01:31]} Bg4 {[%emt 0:00:17]} 7. h3 {[%emt 0:02:52]} Bxf3 {[%emt 0:10:27]} 8. Qxf3 {[%emt 0:01:03]} Qe7+ {[%emt 0:03:46]} 9. Kf1 {[%emt 0:00:57]} Nxd4 {[%emt 0:03:29]} 10. Qd3 {[%emt 0:07:55]} O-O-O {[%emt 0:04:30]} 11. Nc3 {[%emt 0:07:05]} Qe6 {[%emt 0:01:41]} 12. Bg5 {[%emt 0:25:34]} f6 {[%emt 0:16:33]} 13. Be3 {[%emt 0:00:49]} Ne7 {[%emt 0:10:02]} 14. Bxd4 {[%emt 0:09:55]} cxd4 {[%emt 0:00:14]} 15. Nb5 {[%emt 0:00:11]} Qb6 {[%emt 0:17:57]} 16. Rd1 {[%emt 0:08:47]} Nc6 {[%emt 0:17:23]} 17. Nxd4 {[%emt 0:07:44]} Nxd4 {[%emt 0:02:26]} 18. Qxd4 {[%emt 0:00:06]} Bc5 {[%emt 0:00:09]} 19. Qc3 {[%emt 0:00:18]} Kb8 {[%emt 0:00:50]} 20. Qb3 {[%emt 0:10:18]} Qa6+ {[%emt 0:01:36]} 21. Qd3 {[%emt 0:00:06]} Qxa2 {[%emt 0:00:46]} 22. b3 {[%emt 0:01:33]} Rhe8 {[%emt 0:01:07]} 23. Bf3 {[%emt 0:03:12]} g6 {[%emt 0:03:13]} 24. Kg2 {[%emt 0:00:08]} Re5 {[%emt 0:02:34]} 25. Rhe1 {[%emt 0:02:15]} Rxe1 {[%emt 0:00:02]} 26. Rxe1 {[%emt 0:00:05]} Qa5 {[%emt 0:00:05]} 27. Re6 {[%emt 0:01:22]} f5 {[%emt 0:00:21]} 28. Re5 {[%emt 0:03:00]} Qb6 {[%emt 0:01:31]} 29. Rxd5 {[%emt 0:00:36]} Rxd5 {[%emt 0:00:08]} 30. Qxd5 {[%emt 0:00:04]} a5 31. Qg8+ 1/2-1/2

[Event "CZE-ch 2020"]
[Site "Pilsen"]
[Date "2020.08.23"]
[Round "1.3"]
[White "Stocek, Jiri"]
[Black "Gnojek, Petr"]
[Result "1/2-1/2"]
[WhiteElo "2595"]
[BlackElo "2225"]
[Annotator "TA"]
[PlyCount "133"]
[EventDate "2020.08.23"]
[EventType "swiss"]
[EventCountry "CZE"]
[SourceTitle "playchess.com"]
[Source "ChessBase"]
[SourceQuality "1"]

{[%evp 15,133,31,55,67,56,76,68,58,60,68,65,50,50,50,93,79,68,17,17,16,36,43,71,78,158,62,82,83,83,27,52,41,51,43,120,90,111,59,52,66,55,66,46,47,113,119,182,169,174,172,154,137,137,39,38,0,137,137,137,135,149,148,256,239,322,331,336,322,283,266,247,263,250,262,257,260,245,235,285,268,431,421,337,46,52,47,432,399,367,355,400,313,12848,12848,12849,12849,12850,0,0,0,0,0,0,0,0,0,0,0,0,0,0,0,0,0,0,0,0,0,0,0]} 1. d4 d6 2. Nf3 g6 3. c4 Nf6 4. Nc3 Bg7 5. e4 O-O 6. Be2 e5 7. Be3 Nbd7 8. d5 a5 9. Nd2 {E93: King's Indian: Classical: Petrosian System with 7...Nbd7.} b6 10. a3 Ne8 11. g4 {[#] White is slightly better.} Qe7 $146 ({Predecessor:} 11... Nc5 12. h4 f5 13. gxf5 gxf5 14. Qc2 f4 15. Bxc5 dxc5 16. O-O-O Nd6 17. Rdg1 Kh8 {1-0 (58) Smirnov,A (2419)-Kakabayaev,M (2239) St Petersburg 2015}) 12. h4 f5 13. gxf5 gxf5 14. Bg5 $36 {[%mdl 2048] White is more active.} Ndf6 15. Rg1 Kh8 16. exf5 (16. Qc2 $14) 16... Bxf5 $11 17. Nf1 Qf7 18. Ng3 Bg4 19. Be3 Qd7 (19... Bd7 $142) 20. Nce4 (20. f3 $1 $16 {[%cal Rf3g4]} Bh5 21. Bd3 (21. Nxh5 Nxh5 22. Qc2 Nf4 $11)) 20... b5 21. f3 Nxe4 22. fxe4 (22. fxg4 Nxg3 23. Rxg3 bxc4 $15) (22. Nxe4 $16 Bf5 23. cxb5) 22... Bxe2 23. Qxe2 bxc4 24. Nf5 ({But not} 24. Qxc4 Qh3 $15) 24... Rxf5 (24... Rb8 $14) 25. exf5 $16 Qxf5 26. Qxc4 (26. h5 $16) 26... Qf3 $14 27. Qe2 Qxd5 28. Qg2 Qxg2 29. Rxg2 Nf6 (29... Kg8 $14) 30. O-O-O $16 {[%mdl 1024] White has strong compensation.} h5 (30... Rd8 $16) 31. Rc2 $1 $18 Ne8 32. Rf1 c5 33. Rf5 Nf6 34. Bg5 (34. Rg2 $16) 34... Ne4 $14 35. Be3 ({White should try} 35. Rf7 $14) 35... Nf6 $1 $16 36. Rd2 Ra6 37. Kc2 Kg8 38. Bg5 Ne4 (38... Ng4 $16 {might work better.} 39. Rg2 Kh7) 39. Rg2 $1 $18 d5 40. Bd8 $1 Re6 41. Bc7 (41. Rxh5 a4 $16) ({Don't do} 41. Bxa5 Re7 $18) 41... Nf6 42. Bxe5 ({Less strong is} 42. Rxe5 Rxe5 43. Bxe5 Ng4 $16) 42... Ng4 {...Ne3+ is the strong threat.} 43. Bf4 Rf6 44. Rxf6 Bxf6 {[%mdl 4096] Endgame KRB-KBN} 45. Rd2 $1 {[%cal Rd2d5]} d4 {[#]} 46. Kd3 $1 Bxh4 47. Bd6 Bf2 $2 (47... Kf7 {was called for.}) 48. Bxc5 h4 {intending ...h3.} 49. Re2 $2 ({White should play} 49. Bxd4 $18 h3 50. Rd1) 49... h3 $14 {And now ...h2 would win.} 50. Bd6 Bg1 $2 {[%mdl 8192]} (50... Be3 $1 $14) 51. b4 $18 axb4 52. axb4 Kf7 {[#]} 53. b5 $1 {[%cal Rb5b6] Strongly threatening b6.} h2 $2 (53... Nf2+ 54. Rxf2+ Bxf2) 54. Bxh2 $1 Bxh2 55. Rg2 Ne5+ 56. Kxd4 $2 ({Only move:} 56. Ke4 $18 Nc4 57. Kxd4) 56... Ke6 $11 {The position is equal.} 57. b6 Kd6 58. Ke4 Nd7 59. Rxh2 {Rd2+ would kill now.} Nxb6 {KR-KN} 60. Kd4 Nd7 61. Rh6+ Ke7 62. Ra6 Nf6 63. Ke5 {Threatening mate with Re6+.} Nd7+ 64. Kf5 Nc5 65. Ra5 Nd7 66. Rb5 Kd6 67. Ke4 {Black escapes into a draw. Accuracy: White = 81%, Black = 61%.} 1/2-1/2

[Event "CZE-ch 2020"]
[Site "Pilsen"]
[Date "2020.08.23"]
[Round "1.3"]
[White "Stocek, Jiri"]
[Black "Gnojek, Petr"]
[Result "*"]
[WhiteElo "2595"]
[BlackElo "2225"]
[Annotator "TA"]
[PlyCount "38"]
[EventDate "2020.08.23"]
[EventType "swiss"]
[EventCountry "CZE"]
[SourceTitle "playchess.com"]
[Source "ChessBase"]
[SourceQuality "1"]

{[%evp 12,13,39,27]} 1. d4 d6 2. Nf3 g6 3. c4 Nf6 4. Nc3 Bg7 5. e4 O-O 6. Be2 e5 7. Be3 {[#]} {Predecessor:} Nbd7 $146 {E94: King's Indian: Classical: 6 Be2 e5 7 0-0: Various Black 7th moves.} 8. O-O c6 9. Qc2 Re8 10. Rad1 exd4 11. Nxd4 Qe7 12. f3 a6 13. Bf2 Ne5 14. Rfe1 c5 15. Nb3 Be6 16. Nd2 Nh5 17. Be3 Qh4 18. b3 f5 19. Nf1 f4 {0-1 (56) Bluebaum,M (2647)-Firouzja,A (2728) chess.com INT 2020} *

[Event "CZE-ch 2020"]
[Site "Pilsen"]
[Date "2020.08.23"]
[Round "1.4"]
[White "Vybiral, Zdenek"]
[Black "Michalik, Peter"]
[Result "1/2-1/2"]
[WhiteElo "2221"]
[BlackElo "2593"]
[Annotator "ChessBase"]
[PlyCount "71"]
[EventDate "2020.08.23"]
[EventType "swiss"]
[EventCountry "CZE"]
[SourceTitle "playchess.com"]
[Source "ChessBase"]
[SourceQuality "1"]
[TimeControl "40/5400+30:1800+30"]

1. d4 {[%emt 0:00:00]} Nf6 {[%emt 0:00:00]} 2. c4 {[%emt 0:00:00]} e6 {[%emt 0:00:00]} 3. Nc3 {[%emt 0:00:00]} Bb4 {[%emt 0:00:00]} 4. a3 {[%emt 0:00:16]} Bxc3+ {[%emt 0:00:01]} 5. bxc3 {[%emt 0:00:03]} O-O {[%emt 0:00:54]} 6. f3 {[%emt 0:00:34]} c5 {[%emt 0:01:13]} 7. e4 {[%emt 0:01:35]} Ne8 {[%emt 0:03:38]} 8. Bd3 {[%emt 0:02:24]} Nc6 {[%emt 0:01:56]} 9. Ne2 {[%emt 0:03:32]} b6 {[%emt 0:00:48]} 10. O-O {[%emt 0:00:14]} Ba6 {[%emt 0:00:04]} 11. f4 {[%emt 0:00:13]} f5 {[%emt 0:01:05]} 12. d5 {[%emt 0:00:53]} Na5 {[%emt 0:05:45]} 13. e5 {[%emt 0:00:14]} Bxc4 {[%emt 0:06:58]} 14. Bxc4 {[%emt 0:00:17]} Nxc4 {[%emt 0:00:04]} 15. d6 {[%emt 0:00:08]} Qc8 {[%emt 0:07:34]} 16. Qd3 {[%emt 0:01:05]} Na5 {[%emt 0:00:57]} 17. Rb1 {[%emt 0:03:55]} Qc6 {[%emt 0:02:20]} 18. Be3 {[%emt 0:17:30]} Qe4 {[%emt 0:02:31]} 19. Qxe4 {[%emt 0:28:57]} fxe4 {[%emt 0:00:04]} 20. Ng3 {[%emt 0:00:11]} Nc4 {[%emt 0:00:28]} 21. Bc1 {[%emt 0:00:10]} e3 {[%emt 0:00:42]} 22. Ne4 {[%emt 0:06:42]} h5 {[%emt 0:00:42]} 23. g3 {[%emt 0:02:52]} Rf5 {[%emt 0:04:04]} 24. h4 {[%emt 0:08:37]} g6 {[%emt 0:05:38]} 25. Re1 {[%emt 0:01:57]} Ng7 {[%emt 0:01:47]} 26. a4 {[%emt 0:00:35]} Rff8 {[%emt 0:01:40]} 27. Bxe3 {[%emt 0:00:22]} Nf5 {[%emt 0:00:06]} 28. Bf2 {[%emt 0:00:15]} Nh6 {[%emt 0:02:25]} 29. Kf1 {[%emt 0:05:56]} Ng4 {[%emt 0:01:40]} 30. Ke2 {[%emt 0:00:16]} Rac8 {[%emt 0:08:56]} 31. Bg1 {[%emt 0:00:19]} Na3 {[%emt 0:01:51]} 32. Rb3 {[%emt 0:01:24]} Nc4 {[%emt 0:00:06]} 33. Rb5 {[%emt 0:06:29]} Na3 {[%emt 0:00:17]} 34. Rb3 {[%emt 0:01:39]} Nc4 {[%emt 0:00:14]} 35. Rbb1 {[%emt 0:01:38]} Na3 {[%emt 0:00:13]} 36. Rb3 {[%emt 0:03:15]} 1/2-1/2

[Event "CZE-ch 2020"]
[Site "Pilsen"]
[Date "2020.08.23"]
[Round "1.4"]
[White "Vybiral, Zdenek"]
[Black "Michalik, Peter"]
[Result "*"]
[WhiteElo "2221"]
[BlackElo "2593"]
[Annotator "TA"]
[PlyCount "38"]
[EventDate "2020.08.23"]
[EventType "swiss"]
[EventCountry "CZE"]
[SourceTitle "playchess.com"]
[Source "ChessBase"]
[SourceQuality "1"]

{[%evp 20,21,2,-29]} 1. d4 Nf6 2. c4 e6 3. Nc3 Bb4 4. a3 Bxc3+ 5. bxc3 O-O 6. f3 c5 7. e4 Ne8 8. Bd3 Nc6 9. Ne2 b6 10. O-O Ba6 11. f4 {[#]} {Predecessor:} f5 $146 {E29: Nimzo-Indian: Sämisch: 5...0-0 6 e3 c5 7 Bd3 Nc6.} 12. exf5 exf5 13. dxc5 bxc5 14. Be3 d6 15. Ng3 g6 16. Re1 Nf6 17. Bf2 Rb8 18. Nf1 Nh5 19. Bg3 Qf6 {½-½ (41) Semcesen,D (2431)-Duda,J (2539) Lublin 2013} *

[Event "CZE-ch 2020"]
[Site "Pilsen"]
[Date "2020.08.23"]
[Round "1.5"]
[White "Babula, Vlastimil"]
[Black "Eret, Jonas"]
[Result "1-0"]
[WhiteElo "2571"]
[BlackElo "2219"]
[Annotator "ChessBase"]
[PlyCount "71"]
[EventDate "2020.08.23"]
[EventType "swiss"]
[EventCountry "CZE"]
[SourceTitle "playchess.com"]
[Source "ChessBase"]
[SourceQuality "1"]
[TimeControl "40/5400+30:1800+30"]

1. d4 {[%emt 0:00:00]} Nf6 {[%emt 0:00:00]} 2. c4 {[%emt 0:00:17]} e6 {[%emt 0:00:28]} 3. Nf3 {[%emt 0:01:04]} Bb4+ {[%emt 0:01:23]} 4. Bd2 {[%emt 0:00:38]} Be7 {[%emt 0:04:24]} 5. Nc3 {[%emt 0:06:15]} d5 {[%emt 0:00:32]} 6. Bf4 {[%emt 0:06:47]} O-O {[%emt 0:03:09]} 7. e3 {[%emt 0:00:32]} b6 {[%emt 0:02:41]} 8. cxd5 {[%emt 0:01:44]} Nxd5 {[%emt 0:01:50]} 9. Nxd5 {[%emt 0:01:17]} exd5 {[%emt 0:04:20]} 10. Bd3 {[%emt 0:03:04]} c5 {[%emt 0:02:45]} 11. dxc5 {[%emt 0:05:24]} bxc5 {[%emt 0:00:31]} 12. O-O {[%emt 0:00:28]} Nc6 {[%emt 0:02:55]} 13. Rc1 {[%emt 0:11:28]} Be6 {[%emt 0:08:17]} 14. Qa4 {[%emt 0:03:45]} Nb4 {[%emt 0:03:42]} 15. Bb1 {[%emt 0:02:07]} Bd7 {[%emt 0:10:04]} 16. Qd1 {[%emt 0:03:02]} Be6 {[%emt 0:06:10]} 17. a3 {[%emt 0:03:57]} Nc6 {[%emt 0:00:05]} 18. b4 {[%emt 0:14:31]} c4 {[%emt 0:01:49]} 19. e4 {[%emt 0:04:02]} a6 {[%emt 0:02:16]} 20. exd5 {[%emt 0:00:49]} Qxd5 {[%emt 0:01:11]} 21. Qxd5 {[%emt 0:08:21]} Bxd5 {[%emt 0:00:05]} 22. Nd2 {[%emt 0:00:35]} Nd4 {[%emt 0:06:59]} 23. Rfe1 {[%emt 0:00:11]} Ne6 {[%emt 0:04:50]} 24. Be5 {[%emt 0:01:06]} Bg5 {[%emt 0:01:51]} 25. Rcd1 {[%emt 0:00:36]} Rac8 {[%emt 0:11:12]} 26. Bc3 {[%emt 0:02:25]} Bf6 {[%emt 0:01:42]} 27. Bxf6 {[%emt 0:04:28]} gxf6 {[%emt 0:00:05]} 28. Nf1 {[%emt 0:03:15]} Bc6 {[%emt 0:06:35]} 29. Ne3 {[%emt 0:01:12]} Ba4 {[%emt 0:02:39]} 30. Rd6 {[%emt 0:03:20]} c3 {[%emt 0:01:39]} 31. Rc1 {[%emt 0:00:05]} Nf4 {[%emt 0:02:47]} 32. Kh1 {[%emt 0:02:30]} c2 {[%emt 0:00:55]} 33. Bxc2 {[%emt 0:01:02]} Rc3 {[%emt 0:00:59]} 34. Bxh7+ {[%emt 0:00:55]} Kxh7 {[%emt 0:00:10]} 35. Rxc3 {[%emt 0:00:05]} Bb5 {[%emt 0:00:20]} 36. g3 {[%emt 0:01:24]} 1-0

[Event "CZE-ch 2020"]
[Site "Pilsen"]
[Date "2020.08.23"]
[Round "1.5"]
[White "Babula, Vlastimil"]
[Black "Eret, Jonas"]
[Result "*"]
[WhiteElo "2571"]
[BlackElo "2219"]
[Annotator "TA"]
[PlyCount "44"]
[EventDate "2020.08.23"]
[EventType "swiss"]
[EventCountry "CZE"]
[SourceTitle "playchess.com"]
[Source "ChessBase"]
[SourceQuality "1"]

{[%evp 9,10,15,24]} 1. d4 Nf6 2. c4 e6 3. Nf3 Bb4+ 4. Bd2 Be7 5. Nc3 d5 {[#]} {Predecessor:} 6. Bg5 $146 {D59: Queen's Gambit Declined: Tartakower Defence: Main line (8 cxd5 Nxd5).} h6 7. Bh4 O-O 8. e3 b6 9. Rc1 Bb7 10. cxd5 Nxd5 11. Bxe7 Qxe7 12. Bd3 Rd8 13. Nxd5 Bxd5 14. O-O c5 15. dxc5 Nd7 16. Bc4 Nxc5 17. Bxd5 Rxd5 18. Nd4 Qd7 19. b4 e5 20. Qf3 exd4 21. bxc5 bxc5 22. exd4 cxd4 {0-1 (51) Juhasz,A (2386)-Buhmann,R (2568) Austria 2020} *

[Event "CZE-ch 2020"]
[Site "Pilsen"]
[Date "2020.08.23"]
[Round "1.6"]
[White "Frank, Adam"]
[Black "Nguyen, Thai Dai Van"]
[Result "0-1"]
[WhiteElo "2219"]
[BlackElo "2569"]
[Annotator "ChessBase"]
[PlyCount "58"]
[EventDate "2020.08.23"]
[EventType "swiss"]
[EventCountry "CZE"]
[SourceTitle "playchess.com"]
[Source "ChessBase"]
[SourceQuality "1"]
[TimeControl "40/5400+30:1800+30"]

1. e4 {[%emt 0:00:00]} e5 {[%emt 0:00:00]} 2. Nf3 {[%emt 0:00:00]} Nc6 {[%emt 0:00:00]} 3. Bb5 {[%emt 0:00:00]} a6 {[%emt 0:00:00]} 4. Ba4 {[%emt 0:00:00]} Nf6 {[%emt 0:00:06]} 5. O-O {[%emt 0:00:00]} Bc5 {[%emt 0:02:29]} 6. c3 {[%emt 0:00:31]} O-O {[%emt 0:02:03]} 7. d4 {[%emt 0:00:11]} Ba7 {[%emt 0:00:05]} 8. d5 {[%emt 0:02:31]} Ne7 {[%emt 0:02:16]} 9. Nxe5 {[%emt 0:03:52]} d6 {[%emt 0:03:17]} 10. Nf3 {[%emt 0:02:19]} Nxe4 {[%emt 0:02:00]} 11. Bc2 {[%emt 0:05:37]} Nf6 {[%emt 0:06:59]} 12. Bg5 {[%emt 0:09:50]} Ng6 {[%emt 0:14:07]} 13. Nh4 {[%emt 0:05:35]} h6 {[%emt 0:04:10]} 14. Nxg6 {[%emt 0:01:20]} fxg6 {[%emt 0:00:07]} 15. Be3 {[%emt 0:01:06]} Bxe3 {[%emt 0:02:49]} 16. fxe3 {[%emt 0:00:05]} Ng4 {[%emt 0:10:53]} 17. Bxg6 {[%emt 0:11:43]} Rf6 {[%emt 0:00:18]} 18. Rxf6 {[%emt 0:12:53]} Qxf6 {[%emt 0:00:09]} 19. h3 {[%emt 0:03:57]} Qf2+ {[%emt 0:06:48]} 20. Kh1 {[%emt 0:00:04]} Ne5 {[%emt 0:02:19]} 21. Bh5 {[%emt 0:08:10]} Bxh3 {[%emt 0:14:52]} 22. gxh3 {[%emt 0:01:06]} Rf8 {[%emt 0:00:06]} 23. Nd2 {[%emt 0:13:23]} Qxe3 {[%emt 0:00:45]} 24. Nf1 {[%emt 0:01:56]} Qxh3+ {[%emt 0:00:10]} 25. Kg1 {[%emt 0:00:05]} Rf5 {[%emt 0:00:24]} 26. Be2 {[%emt 0:00:10]} Rg5+ {[%emt 0:00:08]} 27. Kf2 {[%emt 0:00:04]} Rg2+ {[%emt 0:00:04]} 28. Ke1 {[%emt 0:00:03]} Nf3+ {[%emt 0:00:04]} 29. Bxf3 {[%emt 0:00:21]} Qh4+ {[%emt 0:00:05]} 0-1

[Event "CZE-ch 2020"]
[Site "Pilsen"]
[Date "2020.08.23"]
[Round "1.6"]
[White "Frank, Adam"]
[Black "Nguyen, Thai Dai Van"]
[Result "*"]
[WhiteElo "2219"]
[BlackElo "2569"]
[Annotator "TA"]
[PlyCount "31"]
[EventDate "2020.08.23"]
[EventType "swiss"]
[EventCountry "CZE"]
[SourceTitle "playchess.com"]
[Source "ChessBase"]
[SourceQuality "1"]

{[%evp 13,18,50,31,-22,-20,-32,-39]} 1. e4 e5 2. Nf3 Nc6 3. Bb5 a6 4. Ba4 Nf6 5. O-O Bc5 6. c3 O-O 7. d4 Ba7 8. d5 {C78: Ruy Lopez: Archangelsk and Möller Defences.} (8. dxe5 $14 Nxe4 9. Qd5) 8... Ne7 $11 9. Nxe5 d6 {[#]} {Predecessor:} 10. Nf3 $146 Nxe4 11. Bc2 Nf6 12. c4 h6 13. b3 Ng6 14. Nc3 Bg4 15. h3 Bxf3 16. Qxf3 {½-½ (41) Chernov,V (2004)-Popova,Y Voronezh 2011} *

[Event "CZE-ch 2020"]
[Site "Pilsen"]
[Date "2020.08.23"]
[Round "1.7"]
[White "Hracek, Zbynek"]
[Black "Vorisek, Jakub"]
[Result "1-0"]
[WhiteElo "2563"]
[BlackElo "2205"]
[Annotator "ChessBase"]
[PlyCount "49"]
[EventDate "2020.08.23"]
[EventType "swiss"]
[EventCountry "CZE"]
[SourceTitle "playchess.com"]
[Source "ChessBase"]
[SourceQuality "1"]
[TimeControl "40/5400+30:1800+30"]

1. d4 {[%emt 0:00:00]} d5 {[%emt 0:00:00]} 2. Bf4 {[%emt 0:00:21]} e6 {[%emt 0:01:34]} 3. e3 {[%emt 0:00:26]} Bd6 {[%emt 0:01:31]} 4. Nf3 {[%emt 0:00:13]} c5 {[%emt 0:02:52]} 5. dxc5 {[%emt 0:01:23]} Bxc5 {[%emt 0:07:32]} 6. c4 {[%emt 0:00:15]} Nf6 {[%emt 0:03:56]} 7. Nc3 {[%emt 0:00:07]} O-O {[%emt 0:01:56]} 8. Qc2 {[%emt 0:00:55]} Nc6 {[%emt 0:12:04]} 9. Rd1 {[%emt 0:10:29]} b6 {[%emt 0:07:40]} 10. a3 {[%emt 0:10:29]} Bb7 {[%emt 0:08:46]} 11. Be2 {[%emt 0:11:21]} Rc8 {[%emt 0:09:15]} 12. O-O {[%emt 0:00:23]} a5 {[%emt 0:04:59]} 13. cxd5 {[%emt 0:12:08]} exd5 {[%emt 0:01:23]} 14. Bg5 {[%emt 0:01:28]} Ne7 {[%emt 0:13:54]} 15. Bxf6 {[%emt 0:03:07]} gxf6 {[%emt 0:00:06]} 16. Bd3 {[%emt 0:13:03]} Ng6 {[%emt 0:05:47]} 17. Bf5 {[%emt 0:03:54]} Rc7 {[%emt 0:01:50]} 18. Qa4 {[%emt 0:02:42]} Bc6 {[%emt 0:02:26]} 19. Qg4 {[%emt 0:00:19]} Kh8 {[%emt 0:02:11]} 20. Qh5 {[%emt 0:06:49]} Rg8 {[%emt 0:03:04]} 21. Be4 {[%emt 0:04:04]} dxe4 {[%emt 0:02:05]} 22. Rxd8 {[%emt 0:00:04]} Rxd8 {[%emt 0:00:08]} 23. Qf5 {[%emt 0:00:12]} Be7 {[%emt 0:02:39]} 24. Nxe4 {[%emt 0:02:27]} Rd5 {[%emt 0:00:16]} 25. Qh3 {[%emt 0:00:05]} 1-0